[Event "Roncana op-B 7th"]
[Site "Santa Eulalia de Roncana"]
[Date "2013.11.16"]
[Round "6"]
[White "Casas Nin, Jordi"]
[Black "Rodriguez Sorribes, Josep Antoni"]
[Result "0-1"]
[WhiteElo "1564"]
[BlackElo "1541"]
[PlyCount "68"]
[EventDate "2013.10.05"]
[EventType "swiss"]
[EventRounds "8"]
[EventCountry "ESP"]
[SourceTitle "EXT 2015"]
[Source "ChessBase"]
[SourceDate "2014.11.20"]
[SourceVersion "1"]
[SourceVersionDate "2014.11.20"]
[SourceQuality "1"]

1. e4 e5 2. Nf3 Nc6 3. Bb5 a6 4. Bxc6 dxc6 5. 0-0 Bg4 6. b3 Bxf3 7. Qxf3 Qd4 8. c3 Qd7 9. Bb2 Ne7 10. d4 exd4 11. Rd1 Ng6 12. Rxd4 Qe6 13. Nd2 Bc5 14. Ra4 b5 15. Ra5 Bb6 16. Ra3 Qd6 17. Rd1 Ne5 18. Qg3 0-0 19. c4 f6 20. Kf1 Bc5 21. b4 Bxb4 22. Bxe5 fxe5 23. Rd3 Qe6 24. cxb5 axb5 25. a3 Bd6 26. Rc1 c5 27. Nb1 c4 28. Rd2 Bc5 29. Rcd1 Bd4 30. Rc2 c5 31. f3 c3 32. Qe1 Rxf3+ 33. gxf3 Qh3+ 34. Ke2 Qg2+ 0-1

[Event "Roncana op-B 7th"]
[Site "Santa Eulalia de Roncana"]
[Date "2013.11.09"]
[Round "5"]
[White "Rodriguez Sorribes, Josep Antoni"]
[Black "Folch Sampera, Enric"]
[Result "1/2-1/2"]
[WhiteElo "1541"]
[BlackElo "1592"]
[PlyCount "84"]
[EventDate "2013.10.05"]
[EventType "swiss"]
[EventRounds "8"]
[EventCountry "ESP"]
[SourceTitle "EXT 2015"]
[Source "ChessBase"]
[SourceDate "2014.11.20"]
[SourceVersion "1"]
[SourceVersionDate "2014.11.20"]
[SourceQuality "1"]

1. d4 d5 2. e4 e6 3. e5 c5 4. Nf3 Nc6 5. Nc3 cxd4 6. Nxd4 Nxe5 7. Bb5+ Bd7 8. Bf4 Ng6 9. Bg3 Bb4 10. 0-0 Nf6 11. Bxd7+ Qxd7 12. Ncb5 0-0 13. a3 Bc5 14. b4 Bb6 15. Nc3 Bc7 16. f4 a6 17. Kh1 Rac8 18. Qd3 Nh5 19. Nce2 Nxg3+ 20. hxg3 Ne7 21. Nf3 f5 22. Rfe1 Qe8 23. Ned4 Qh5+ 24. Nh2 Rf6 25. Rxe6 Rxe6 26. Nxe6 Bb6 27. Re1 Re8 28. Qc3 Qg6 29. Nc7 Bxc7 30. Qxc7 Nc6 31. Rxe8+ Qxe8 32. Nf3 b5 33. Qd6 d4 34. Qd5+ Kh8 35. Qxf5 h6 36. Qd5 Qg6 37. Kh2 Qxc2 38. Nxd4 Qd1 39. Qxc6 Qh5+ 40. Kg1 Qd1+ 41. Kh2 Qh5+ 42. Kg1 Qd1+ 1/2-1/2

[Event "Llinars del Valles op-B 7th"]
[Site "Llinars del Valles"]
[Date "2013.04.20"]
[Round "2"]
[White "Bosch Ricart, Joan"]
[Black "Rodriguez Sorribes, Josep Antoni"]
[Result "1-0"]
[WhiteElo "1703"]
[BlackElo "1545"]
[PlyCount "57"]
[EventDate "2013.04.13"]
[EventType "swiss"]
[EventRounds "7"]
[EventCountry "ESP"]
[SourceTitle "CBM 154 Extra"]
[Source "ChessBase"]
[SourceDate "2013.06.25"]
[SourceVersion "2"]
[SourceVersionDate "2013.06.25"]
[SourceQuality "1"]

1. d4 Nf6 2. c4 e6 3. Nc3 d5 4. Nf3 c5 5. e3 Nc6 6. Be2 a6 7. a4 Qc7 8. b3 Bd6 9. Ba3 b6 10. Rc1 Nb4 11. cxd5 exd5 12. Bxb4 cxb4 13. Nxd5 Qd8 14. Nxf6+ Qxf6 15. Nd2 Qg6 16. Bf3 Rb8 17. Bc6+ Bd7 18. Qf3 Rc8 19. Bxd7+ Kxd7 20. Qb7+ Rc7 21. Rxc7+ Bxc7 22. 0-0 Qd6 23. g3 a5 24. Nc4 Qe6 25. d5 Qe4 26. f3 Qc2 27. d6 Rc8 28. dxc7 Qxb3 29. Nxb6+ 1-0

[Event "Roncana op 6th"]
[Site "Santa Eulalia de Roncana"]
[Date "2012.11.10"]
[Round "5"]
[White "Rodriguez Sorribes, Josep Antoni"]
[Black "Vegara Gallego, Pere"]
[Result "0-1"]
[WhiteElo "1597"]
[BlackElo "1707"]
[PlyCount "64"]
[EventDate "2012.10.06"]
[EventType "swiss"]
[EventRounds "8"]
[EventCountry "ESP"]
[SourceTitle "EXT 2014"]
[Source "ChessBase"]
[SourceDate "2013.11.20"]
[SourceVersion "1"]
[SourceVersionDate "2013.11.20"]
[SourceQuality "1"]

1. e4 e5 2. Nf3 d6 3. c4 Nc6 4. Nc3 f5 5. d4 Nf6 6. Bg5 Be7 7. Bxf6 gxf6 8. d5 Nb8 9. Nh4 c5 10. Qh5+ Kd7 11. Qxf5+ Kc7 12. Nb5+ Kb6 13. Qf3 a6 14. Na3 Bd7 15. Bd3 h5 16. Rb1 Bg4 17. Qg3 Rg8 18. Nf3 f5 19. Nxe5 dxe5 20. Qxe5 Bd6 21. Qc3 fxe4 22. Bxe4 Qe7 23. Qd3 Bf5 24. f3 Rxg2 25. Kd1 Bxe4 26. fxe4 Nd7 27. Qf3 Qg7 28. Nc2 Rf8 29. Qb3+ Ka7 30. Qe3 Qg4+ 31. Ke1 Rf3 32. Qh6 Qxe4+ 0-1

[Event "Roncana op-B 5th"]
[Site "Santa Eulalia de Roncana"]
[Date "2011.11.19"]
[Round "7"]
[White "Rodriguez Sorribes, Josep Antoni"]
[Black "Centelles Vivas, Aleix"]
[Result "0-1"]
[WhiteElo "1527"]
[BlackElo "1641"]
[PlyCount "54"]
[EventDate "2011.10.01"]
[EventType "swiss"]
[EventRounds "8"]
[EventCountry "ESP"]
[SourceTitle "EXT 2013"]
[Source "ChessBase"]
[SourceDate "2012.11.22"]
[SourceVersion "1"]
[SourceVersionDate "2012.11.22"]
[SourceQuality "1"]

1. c4 Nf6 2. Nc3 e6 3. d4 d5 4. c5 Be7 5. Nf3 Nbd7 6. Qc2 c6 7. e3 0-0 8. Bd3 Qc7 9. h4 e5 10. Be2 Re8 11. Bd2 Ng4 12. Ng5 Nf8 13. f3 exd4 14. fxg4 dxc3 15. Qxc3 Qg3+ 16. Kd1 Bxg4 17. Qd3 Bxe2+ 18. Qxe2 Bxc5 19. Rh3 Qd6 20. Qh5 Re7 21. Rf3 f6 22. Nh3 Rae8 23. g4 Bxe3 24. Bxe3 Rxe3 25. Rxe3 Rxe3 26. Kd2 Rxh3 27. Re1 Qb4+ 0-1